=LDR 00000nam 2200000 4500 =001 INLIS000000000024591 =005 20130612123152 =008 ***********************************Ind** =035 ##$$0010-061300000024591 =041 ##$$a Ind =082 ##$$a 649.122 =090 ##$$a 649.122, Kas p =100 ##$$a Kasdu, Dini =245 ##$$a Perawatan bayi baru, petunjuk praktis untuk orang tua, Dini Kasdu =260 ##$$a 2004 $b Jakarta =300 ##$$a 63 hlm, ilus, 21 cm =650 ##$$a Perawatan bayi =850 ##$$a NBPNMAT